000 002890000a22000970004500
100 1 _aSegura C., Harold
245 1 0 _a"Estoy harto, dice Dios" La espiritualidad que Dios reclama
300 _aVol. 18, Num 1 y 2 (Enero-Julio, 1999) Páginas 38-40
773 0 _tIglesia y Misión
942 _cANA
999 _c52376
_d52376